00706nam a22002057a 450000500170000001000150001702000260003203500140005803700140007208200130008610000180009924500460011725000060016326000310016927000780020030000210027894200240029999900190032395201580034220260622112431.0 aENG-148903 a9789392595677c750.00 aEN-132435 bDBADaDPL a745.521 aChanchal Rani aIndian Tribal Art Drawing/cChanchal Rani b1 aIndiabRishabh Booksc2024 a22/4735 Prakash Deep Building,Ansari Raod, Darya Ganj,bNew Delhie110002 a143p.c23cm.(Hb) 2ddccENh745.5mCHA c216752d216752 001040718NFICaDBADbDBADd2026-06-22eDelivery of Books Act Divisiong750.00l0o745.5 CHApEN-132435r2026-06-22 11:24:54t1v750.00w2026-06-22yEN